000
00268 a2200097 4500
001
13007
100
_a
Lemy,J.A.L
245
_a
Benjamin Franklin's Autobiography: An Authoritative Text Backgrounds Criticism
260
_a
_b
W W Norton & Company
_c
090
_c
10011
_d
10011
942
_a
NUST-CAE
_c
M
_c
17
999
_c
248080
_d
248080